[Event "Swedish Elitserien 2021-22"]
[Site "Sodertalje"]
[Date "2022.05.15"]
[Round "9.17"]
[White "Hammer, Jon Ludvig"]
[Black "Solodovnichenko, Yuri"]
[Result "1-0"]
[WhiteElo "2627"]
[BlackElo "2499"]
[Annotator "TA"]
[PlyCount "89"]
[EventDate "2022.05.13"]
[EventType "team-tourn"]
[EventCountry "SWE"]
[SourceTitle "playchess.com"]
[Source "ChessBase"]
[SourceQuality "1"]

{[%evp 16,89,22,18,19,18,21,24,40,22,26,20,20,19,32,12,16,2,8,0,0,0,22,-8,35,35,34,34,34,34,39,38,48,53,49,45,57,37,50,50,54,57,70,70,70,70,77,70,68,60,66,0,0,0,68,0,0,0,23,0,0,0,2067,2022,2343,2162,2162,535,2045,129,1928,1575,2306,2137,1717,1575]} 1. d4 {[%emt 0:01:23]} d5 {[%emt 0:00:40]} 2. c4 {[%emt 0:00:03]} e6 {[%emt 0:00:30]} 3. Nf3 {[%emt 0:00:08]} dxc4 {[%emt 0:01:36]} 4. e3 {[%emt 0:01:40]} Nf6 {[%emt 0:02:06]} 5. Bxc4 {[%emt 0:00:10]} c5 {[%emt 0:00:10]} 6. O-O {[%emt 0:00:07]} a6 {[%emt 0:00:04]} 7. dxc5 {[%emt 0:00:22]} Qxd1 {[%emt 0:00:10]} 8. Rxd1 {[%emt 0:00:08]} Bxc5 {[%emt 0:00:04]} 9. Be2 {[%emt 0:01:43]} b6 {[%emt 0:00:06] D27: Queen's Gambit Accepted: Classical main line: 7 e4!? and 7 a4.} 10. Nfd2 $5 {[%emt 0:02:41][%mdl 4] [#] A promising side line.} (10. Ne5 {is interesting.} Bb7 11. b3 Nc6 12. Nd3) 10... O-O $146 {[%emt 0:13:01]} ({Predecessor:} 10... Bb7 11. Nb3 Be7 12. f3 Nbd7 13. e4 Nc5 14. Nd4 O-O 15. Be3 Na4 16. b3 Nc5 17. Nd2 {1-0 (31) Nakamura,H (2745)-Bachmann,A (2629) Douglas 2019}) 11. Nc3 {[%emt 0:06:11]} Bd7 {[%emt 0:05:03] Against Na4. White has an edge.} 12. a3 {[%emt 0:18:01]} Rc8 {[%emt 0:08:09]} 13. b4 {[%emt 0:34:23]} Be7 {[%emt 0:11:49]} 14. Bb2 {[%emt 0:00:30]} (14. Nc4 {with more complications.} Ra7 15. Bb2 b5 16. Nb6) 14... Bc6 {[%emt 0:03:32]} 15. e4 {[%emt 0:01:41]} Nfd7 {[%emt 0:04:27]} 16. f4 {[%emt 0:10:30]} b5 {[%emt 0:15:04]} 17. Rac1 {[%emt 0:02:25]} Nb6 {[%emt 0:04:05]} 18. e5 {[%emt 0:04:02]} N8d7 {[%emt 0:07:06]} 19. Nde4 {[%emt 0:00:36]} Nc4 {[%emt 0:03:46]} 20. Bxc4 {[%emt 0:01:14]} bxc4 {[%emt 0:00:06]} 21. Nd6 {[%emt 0:00:12]} Bxd6 {[%emt 0:00:22]} 22. Rxd6 {[%emt 0:01:05]} Nb6 {[%emt 0:00:28]} 23. Kf2 {[%emt 0:05:47]} Nd5 {[%emt 0:03:17]} 24. Nxd5 {[%emt 0:00:04]} Bxd5 {[%emt 0:00:07]} 25. Bd4 {[%emt 0:00:48]} Kf8 {[%emt 0:01:41]} 26. Bb6 {[%emt 0:01:29]} Ke8 {[%emt 0:01:09]} 27. Rc3 {[%emt 0:01:38]} Rab8 {[%emt 0:02:56]} 28. Ba5 {[%emt 0:00:01]} Rc6 {[%emt 0:04:06]} 29. Rxc6 {[%emt 0:00:24] White is more active.} Bxc6 {[%emt 0:00:04]} 30. Rxc4 $14 {[%emt 0:00:05][%mdl 4096] Endgame KRB-KRB} Rc8 {[%emt 0:04:40]} 31. Bb6 {[%emt 0:00:35]} Bb7 {[%emt 0:00:01]} 32. Bc5 {[%emt 0:00:12]} Rd8 {[%emt 0:00:03]} 33. g3 {[%emt 0:04:41]} (33. Bd6 $14) 33... Rd2+ $11 {[%emt 0:01:04]} 34. Ke1 {[%emt 0:01:39]} Bd5 {[%emt 0:00:12]} ({Better is} 34... Rxh2 $11 35. Bd6 Rg2) 35. Rc3 {[%emt 0:00:20]} ({White should try} 35. Kxd2 $14 Bxc4 36. Kc3) 35... Rxh2 {[%emt 0:00:58]} 36. Bd6 {[%emt 0:00:11]} f6 {[%emt 0:04:03]} 37. Rc8+ {[%emt 0:01:32]} Kf7 {[%emt 0:00:26]} 38. g4 {[%emt 0:00:28] [#] Strongly threatening f5.} Rg2 $2 {[%emt 0:01:17][%mdl 8192]} (38... Rh1+ $11 39. Kf2 Kg6) 39. f5 $18 {[%emt 0:00:09][%csl Gd6][%cal Rc8f8]} g6 {[%emt 0:00:48]} 40. Rf8+ {[%emt 0:00:53]} Kg7 {[%emt 0:00:01]} 41. exf6+ {[%emt 0:00:29]} Kh6 {[%emt 0:00:01]} 42. Bf4+ {[%emt 0:04:00]} g5 {[%emt 0:00:07] [#]} 43. Rg8 $1 {[%emt 0:01:15][%csl Gg8][%cal Rf4g5] White is clearly winning.} Rg1+ {[%emt 0:01:35]} (43... Rxg4 44. f7) 44. Kd2 {[%emt 0:00:54][%csl Gg8][%cal Rf4g5]} Rg2+ {[%emt 0:00:21]} 45. Kc3 {[%emt 0:00:17] Weighted Error Value: White=0.09 (flawless) /Black=0.11 (very precise)} 1-0

[Event "Swedish Elitserien 2021-22"]
[Site "Sodertalje"]
[Date "2022.05.15"]
[Round "9.18"]
[White "Golubka, Petro"]
[Black "Neiksans, Arturs"]
[Result "0-1"]
[WhiteElo "2380"]
[BlackElo "2579"]
[Annotator "TA"]
[PlyCount "120"]
[EventDate "2022.05.13"]
[EventType "team-tourn"]
[EventCountry "SWE"]
[SourceTitle "playchess.com"]
[Source "ChessBase"]
[SourceQuality "1"]

{[%evp 12,120,-15,-9,0,0,-1,-20,-25,-37,0,-32,0,0,54,-17,-22,-87,-93,-104,-112,-201,-190,-206,-208,-193,-165,-239,-258,-273,-275,-258,-245,-247,-243,-348,-252,-354,-338,-363,-359,-329,-320,-283,-299,-310,-262,-279,-260,-259,-258,-275,-211,-211,-211,-211,-184,-199,-199,-290,-294,-303,-300,-301,-259,-300,-259,-370,-307,-380,-299,-308,-306,-304,-295,-301,-246,-306,-258,-510,-510,-470,-443,-811,-806,-824,-799,-795,-778,-912,-738,-861,-732,-839,-791,-1243,-1216,-1222,-1208,-1210,-1183,-1157,-1168,-1121,-1101,-1187,-1123,-2235,-1000,-6183,-5906]} 1. d4 {[%emt 0:12:24]} Nf6 {[%emt 0:00:52]} 2. c4 {[%emt 0:01:09]} e6 {[%emt 0:00:13]} 3. Nc3 {[%emt 0:00:16]} Bb4 {[%emt 0:00:17]} 4. e3 {[%emt 0:00:52][%cal Be2e3,Be3e4][%mdl 32]} O-O {[%emt 0:02:46]} 5. Nge2 {[%emt 0:00:03]} Re8 {[%emt 0:01:05]} 6. a3 {[%emt 0:00:50]} Bf8 {[%emt 0:00:07]} 7. e4 {[%emt 0:04:52]} d5 {[%emt 0:02:09] E46: Nimzo-Indian: Rubinstein: 4 e3 0-0 5 Ne2 without early Bd3.} 8. e5 {[%emt 0:00:58]} Nfd7 {[%emt 0:00:17]} 9. h4 {[%emt 0:06:53]} c5 {[%emt 0:05:54] The position is equal.} 10. Bg5 {[%emt 0:01:36]} f6 {[%emt 0:15:51]} (10... Qb6 $5 {[%cal Rd5c4]} 11. cxd5 cxd4 12. Nxd4 (12. Qxd4 Bc5 $17) 12... exd5 $11) 11. exf6 {[%emt 0:09:02]} gxf6 {[%emt 0:00:34]} 12. Bd2 {[%emt 0:00:39] [#]} dxc4 $146 {[%emt 0:01:44]} ({Better is} 12... Nb6 $11) ({Predecessor:} 12... cxd4 13. Nxd4 Nc6 14. Nxc6 bxc6 15. Bd3 f5 16. Rh3 Ne5 17. Rg3+ Kh8 18. Bg5 Be7 19. cxd5 cxd5 {1-0 (29) Navrotescu,A (2284)-Cornette,D (2400) Europe Echecs INT 2020}) 13. Be3 {[%emt 0:02:23]} (13. dxc5 $1 $14 Nc6 14. Nf4) 13... Nc6 $11 {[%emt 0:03:12]} 14. d5 {[%emt 0:04:00]} (14. dxc5 $11 Bxc5 15. Nd4) 14... Nde5 $17 {[%emt 0:03:58] Hoping for ...Nd3+. Black keeps a firm grip on the game.} 15. Nf4 {[%emt 0:02:57] [#] Against Nd3+} Nd4 {[%emt 0:04:59]} 16. dxe6 {[%emt 0:03:52]} ({But not} 16. Bxd4 $2 cxd4 17. Qxd4 {[#]} Nc6 $1 $19 {[%mdl 512]}) (16. Be2 $17) 16... Bxe6 $19 {[%emt 0:03:03]} ({Inferior is} 16... Nxe6 17. Qxd8 Rxd8 18. Nfd5 $15) 17. Nxe6 {[%emt 0:08:53]} Rxe6 {[%emt 0:01:26]} 18. Be2 {[%emt 0:00:35]} Rd6 {[%emt 0:06:14][%cal Od4f3] Threatens to win with ...Ndf3+!} 19. O-O {[%emt 0:04:21] [#]} (19. Kf1 {was worth a try.}) 19... Ndf3+ $1 {[%emt 0:06:34][%mdl 512]} 20. Bxf3 {[%emt 0:00:13] Black must now prevent Qe2.} (20. gxf3 Rxd1) 20... Rxd1 {[%emt 0:00:05]} 21. Bxd1 {[%emt 0:00:14] A strong pair of Bishops.} Qe8 {[%emt 0:03:29]} 22. Nd5 {[%emt 0:04:36]} Qc6 {[%emt 0:06:51]} 23. Nf4 {[%emt 0:00:08]} (23. Nc3 $142) 23... Rd8 {[%emt 0:02:32]} 24. a4 {[%emt 0:04:18]} (24. Nh5 {might work better.}) 24... Bh6 {[%emt 0:03:19]} 25. Be2 {[%emt 0:02:06]} Bxf4 {[%emt 0:12:59]} 26. Bxf4 {[%emt 0:00:07]} Rd4 {[%emt 0:00:25]} 27. Bxe5 {[%emt 0:01:37]} fxe5 {[%emt 0:00:10]} 28. Rfc1 {[%emt 0:00:25]} Rxh4 {[%emt 0:04:51] ...Qh6 is the strong threat.} 29. Rxc4 {[%emt 0:02:19]} Rxc4 {[%emt 0:00:45]} 30. Bxc4+ {[%emt 0:00:09][%mdl 4096] Endgame KQ-KRB} Kg7 {[%emt 0:00:05]} 31. b3 {[%emt 0:00:34]} Qd6 {[%emt 0:01:00] Inhibits Rd1.} 32. Re1 {[%emt 0:00:30]} Qd4 {[%emt 0:00:15]} 33. Re3 {[%emt 0:00:40]} h5 {[%emt 0:02:05]} 34. Rg3+ {[%emt 0:01:36]} Kh6 {[%emt 0:02:01]} 35. Rd3 {[%emt 0:02:11]} (35. Re3 {was called for.}) 35... Qa1+ {[%emt 0:01:18]} 36. Kh2 {[%emt 0:00:05]} Qe1 {[%emt 0:00:21]} 37. Rf3 {[%emt 0:00:51]} e4 {[%emt 0:01:36]} 38. Rf7 {[%emt 0:00:03]} Kg6 {[%emt 0:01:05]} 39. g3 {[%emt 0:06:52]} (39. Rf4 $142) 39... Qd2 {[%emt 0:01:42]} 40. Kh3 {[%emt 0:04:32]} Qc1 {[%emt 0:01:03][%cal Rc1h1]} 41. Kg2 {[%emt 0:00:13] Prevents Qh1+.} e3 {[%emt 0:13:29]} 42. fxe3 {[%emt 0:01:21]} Qxe3 {[%emt 0:00:23]} 43. Rf3 {[%emt 0:00:23]} Qe5 {[%emt 0:02:46]} 44. Rf4 {[%emt 0:01:26]} a6 {[%emt 0:02:07]} 45. Kf2 $2 {[%emt 0:01:38]} (45. a5) 45... Qb2+ {[%emt 0:00:48] Black is clearly winning.} 46. Ke3 {[%emt 0:03:46]} Kg5 {[%emt 0:00:26]} 47. Kf3 {[%emt 0:06:49]} (47. Ke4 $142) 47... b5 {[%emt 0:01:15]} 48. axb5 {[%emt 0:03:31]} axb5 {[%emt 0:00:03]} 49. Bf7 {[%emt 0:00:05]} Qc3+ {[%emt 0:00:17]} 50. Kg2 {[%emt 0:00:04]} Kh6 {[%emt 0:03:14]} 51. Kh3 {[%emt 0:02:57]} Qa1 {[%emt 0:01:20][%cal Ra1h1]} 52. Kg2 {[%emt 0:01:04] Against Qh1+} Kg7 {[%emt 0:00:38]} 53. Rf3 {[%emt 0:03:28]} Qb2+ {[%emt 0:00:55]} 54. Kh3 {[%emt 0:00:11]} Qe5 {[%emt 0:02:17]} 55. Rf1 {[%emt 0:00:52]} Qe7 {[%emt 0:01:07] aiming for ...Qxf7.} 56. Bxh5 {[%emt 0:00:43]} Qe6+ {[%emt 0:00:03]} 57. Kh4 {[%emt 0:00:44]} Qxb3 {[%emt 0:00:13]} 58. g4 {[%emt 0:00:37]} b4 {[%emt 0:00:31][%cal Bb5b4,Bb4b3][%mdl 32]} 59. Rf5 {[%emt 0:00:13]} Qc4 {[%emt 0:00:26]} (59... Qe6 $142 60. Rg5+ Kh6) 60. Kg5 {[%emt 0:00:20]} b3 {[%emt 0:00:09] Weighted Error Value: White=0.70/Black=0.23 (precise)} 0-1

[Event "Swedish Elitserien 2021-22"]
[Site "Sodertalje"]
[Date "2022.05.15"]
[Round "9.19"]
[White "Blomqvist, Erik"]
[Black "Hillarp Persson, Tiger"]
[Result "1/2-1/2"]
[WhiteElo "2523"]
[BlackElo "2512"]
[Annotator "TA"]
[PlyCount "189"]
[EventDate "2022.05.13"]
[EventType "team-tourn"]
[EventCountry "SWE"]
[SourceTitle "playchess.com"]
[Source "ChessBase"]
[SourceQuality "1"]

{[%evp 13,189,37,31,17,21,15,16,0,27,13,26,18,32,20,26,25,15,0,21,1,3,0,0,-14,0,-16,0,0,20,27,18,20,30,21,14,18,32,26,75,51,52,47,60,4,6,0,0,0,33,12,20,19,19,8,12,11,97,110,94,31,52,68,135,146,139,135,162,166,170,200,182,126,131,113,133,116,144,126,150,130,142,141,123,93,93,93,86,33,33,33,33,33,33,34,40,42,43,42,47,13,8,8,8,8,8,8,8,8,8,8,8,0,8,8,8,0,8,0,8,0,8,0,8,0,8,8,8,8,8,8,8,8,8,0,2,0,1,0,0,0,8,0,7,0,8,0,8,2,8,8,8,0,0,0,0,0,0,0,0,0,0,-8,0,0,0,0,0,0,0,0,0,0,4,4,4,0,8,8]} 1. e4 {[%emt 0:00:31]} c5 {[%emt 0:00:14]} 2. c3 {[%emt 0:00:36]} d5 {[%emt 0:00:18]} 3. exd5 {[%emt 0:00:17]} Qxd5 {[%emt 0:00:07]} 4. d4 {[%emt 0:00:34]} Nf6 {[%emt 0:00:07]} 5. Nf3 {[%emt 0:00:20]} e6 {[%emt 0:00:08]} 6. Na3 {[%emt 0:02:31]} Qd8 {[%emt 0:00:06]} 7. Nc4 {[%emt 0:02:42]} Nc6 {[%emt 0:07:56]} 8. Nce5 {[%emt 0:01:25]} (8. Be3 {is interesting.} Nd5 9. Bd3 cxd4 10. Nxd4 Be7 11. Qf3) 8... cxd4 {[%emt 0:21:29]} (8... Qc7 {is more complex.} 9. Bb5 Bd6 10. O-O cxd4 11. cxd4 O-O) 9. Nxc6 {[%emt 0:16:18]} (9. Bb5 {with more complications.} Bd7 10. Nxd7 Qxd7 11. Nxd4 Bd6 12. Qf3) 9... bxc6 {[%emt 0:00:32]} 10. Qxd4 {[%emt 0:00:11]} Qxd4 {[%emt 0:13:41]} 11. Nxd4 {[%emt 0:02:34]} Bd7 {[%emt 0:00:56]} 12. Nf3 {[%emt 0:12:39]} a5 {[%emt 0:12:44]} 13. Ne5 {[%emt 0:04:25]} a4 {[%emt 0:03:19]} 14. Be2 {[%emt 0:04:22]} Bd6 {[%emt 0:08:03]} 15. Nc4 {[%emt 0:05:02]} Bc5 {[%emt 0:05:13]} 16. Bf3 {[%emt 0:03:55]} Nd5 {[%emt 0:01:25]} 17. Ne5 {[%emt 0:14:43]} f6 {[%emt 0:04:01]} 18. Nd3 {[%emt 0:03:45]} Be7 {[%emt 0:00:52]} 19. Bd2 {[%emt 0:04:15]} Kf7 {[%emt 0:09:58]} 20. c4 {[%emt 0:01:31]} Nc7 {[%emt 0:01:34]} 21. O-O-O {[%emt 0:01:04]} Na6 {[%emt 0:00:57]} 22. Bc3 {[%emt 0:02:26][%cal Od3e5] White wants to play Ne5+!} Ra7 {[%emt 0:00:46]} 23. Rhe1 {[%emt 0:02:57]} Rd8 {[%emt 0:02:54]} 24. Be4 {[%emt 0:02:50]} g6 {[%emt 0:01:32]} 25. f4 {[%emt 0:00:27]} Rc8 {[%emt 0:00:36]} (25... c5 $11) 26. Rd2 {[%emt 0:03:29]} (26. g4 {keeps more tension.} c5 27. g5 Nb4 28. Kb1) 26... h5 {[%emt 0:00:35]} 27. a3 {[%emt 0:01:34]} c5 {[%emt 0:00:25]} 28. Red1 {[%emt 0:03:00]} ({White should try} 28. Rde2 $14) 28... Nb8 $11 {[%emt 0:00:23]} 29. Nf2 {[%emt 0:02:21]} Be8 {[%emt 0:01:05]} 30. Bf3 {[%emt 0:01:44]} Rd7 {[%emt 0:01:26]} 31. Rxd7 {[%emt 0:00:28]} Bxd7 {[%emt 0:00:49]} 32. Ne4 {[%emt 0:00:05]} Bc6 {[%emt 0:00:43]} 33. Rd3 {[%emt 0:00:56]} Rc7 {[%emt 0:00:49]} 34. Kc2 {[%emt 0:00:52]} Rd7 {[%emt 0:00:39]} (34... Ra7 $11 {keeps the balance.}) 35. Rxd7 $1 $16 {[%emt 0:00:29]} Bxd7 {[%emt 0:00:07]} 36. Kd3 {[%emt 0:00:27]} ({Better is} 36. b4 $16) 36... Nc6 {[%emt 0:01:02]} 37. Bd1 {[%emt 0:00:43]} Nd8 {[%emt 0:00:39]} (37... e5 $14) 38. Ba5 {[%emt 0:00:34]} Nb7 {[%emt 0:00:06]} 39. Bb6 {[%emt 0:00:10]} Bc6 {[%emt 0:00:59]} 40. g3 {[%emt 0:00:16]} e5 {[%emt 0:00:30]} 41. fxe5 {[%emt 0:03:02]} fxe5 {[%emt 0:00:07]} 42. Bf3 {[%emt 0:06:28]} (42. Nc3 $18) 42... Ke6 {[%emt 0:01:49]} 43. Bg2 $1 {[%emt 0:08:48]} Kd7 {[%emt 0:00:58]} 44. Bh3+ {[%emt 0:04:00]} Ke8 {[%emt 0:01:44]} 45. Be6 {[%emt 0:00:24]} Nd6 {[%emt 0:04:33]} 46. Nxc5 {[%emt 0:02:38]} e4+ {[%emt 0:00:07]} 47. Kc2 {[%emt 0:01:00]} Nf5 {[%emt 0:01:50]} 48. Bxf5 {[%emt 0:01:06]} gxf5 {[%emt 0:00:09][%mdl 4096] Endgame [#] KBB-KBN} 49. Ne6 $1 {[%emt 0:00:53]} Kf7 {[%emt 0:00:33] [#] Prevents Ng7.} 50. Nd4 {[%emt 0:01:50]} (50. Nd8+ $1 $16 Bxd8 51. Bxd8) 50... Bd7 $14 {[%emt 0:00:06]} 51. b4 {[%emt 0:00:52] Bc7 is the strong threat.} axb3+ $1 {[%emt 0:00:17]} 52. Kxb3 {[%emt 0:00:04]} h4 {[%emt 0:03:52]} 53. a4 {[%emt 0:03:51]} Bd6 {[%emt 0:02:23][%cal Od6g3]} 54. Ne2 {[%emt 0:00:09]} hxg3 {[%emt 0:00:16]} 55. hxg3 Ke6 {[%emt 0:00:28]} 56. a5 {[%emt 0:01:22]} Bc8 {[%emt 0:00:23]} 57. Be3 {[%emt 0:00:56]} Kd7 {[%emt 0:04:34]} 58. Kc3 {[%emt 0:00:08]} Be5+ {[%emt 0:02:02]} 59. Bd4 {[%emt 0:00:56]} Bc7 {[%emt 0:00:35]} 60. Kb4 {[%emt 0:00:49]} Kc6 {[%emt 0:00:32]} 61. Be3 {[%emt 0:01:22]} Bd6+ {[%emt 0:00:08]} 62. Kb3 {[%emt 0:01:01]} Bc7 {[%emt 0:02:37]} 63. Ka4 {[%emt 0:00:40]} Be5 {[%emt 0:00:55]} 64. Kb4 {[%emt 0:00:58]} Bd6+ {[%emt 0:00:19]} 65. Kb3 {[%emt 0:00:07]} Be5 {[%emt 0:00:21]} 66. Bd2 {[%emt 0:00:11]} Kc5 {[%emt 0:01:59]} 67. Bb4+ {[%emt 0:00:19]} Kc6 {[%emt 0:00:06]} 68. Bc3 {[%emt 0:00:11]} Bc7 {[%emt 0:00:12]} 69. Be1 {[%emt 0:01:58]} Be5 {[%emt 0:00:09]} 70. Bf2 {[%emt 0:00:08]} Kb7 {[%emt 0:01:47]} 71. Kb4 {[%emt 0:00:20]} Bd6+ {[%emt 0:00:36]} 72. Bc5 {[%emt 0:01:40]} Be5 {[%emt 0:00:08]} 73. Bb6 {[%emt 0:00:41]} Bd6+ {[%emt 0:00:25]} 74. Kc3 {[%emt 0:00:28]} Be5+ {[%emt 0:00:12]} 75. Bd4 {[%emt 0:00:32]} Bc7 {[%emt 0:00:16]} 76. Kb4 {[%emt 0:00:14]} Kc6 {[%emt 0:00:07]} 77. Be3 {[%emt 0:00:23]} Bd6+ {[%emt 0:00:13]} 78. Ka4 {[%emt 0:00:14]} Be5 {[%emt 0:00:22]} 79. Kb3 {[%emt 0:00:11]} Bc7 {[%emt 0:00:13]} 80. Bd2 {[%emt 0:00:48]} Be5 {[%emt 0:01:34]} 81. Bf4 {[%emt 0:00:16]} Bf6 {[%emt 0:00:10]} 82. Nc3 {[%emt 0:00:53]} Bd8 {[%emt 0:07:01]} 83. Kb4 {[%emt 0:00:14]} Be7+ {[%emt 0:00:06]} 84. Kb3 {[%emt 0:00:15]} Bd8 {[%emt 0:00:06]} 85. Nd5 {[%emt 0:00:53]} Bxa5 {[%emt 0:00:24]} 86. Ne7+ {[%emt 0:00:21]} Kb7 {[%emt 0:00:07]} 87. c5 {[%emt 0:00:15] Hoping for c6+.} Bd7 {[%emt 0:00:18] Against c6+} 88. Kc4 {[%emt 0:00:17] And now Kd5 would win.} Bd8 {[%emt 0:00:08]} 89. c6+ {[%emt 0:00:21]} Bxc6 {[%emt 0:00:09]} 90. Nxf5 {[%emt 0:00:04]} Kc8 {[%emt 0:00:30]} 91. Kd4 {[%emt 0:00:35]} Kd7 {[%emt 0:01:05]} 92. Ke5 {[%emt 0:00:53]} Ke8 {[%emt 0:00:55]} 93. Nd6+ {[%emt 0:00:17]} Kf8 {[%emt 0:00:16]} 94. Nxe4 {[%emt 0:00:18]} Bxe4 {[%emt 0:00:20]} 95. Kxe4 {[%emt 0:00:05]} 1/2-1/2

[Event "Swedish Elitserien 2021-22"]
[Site "Sodertalje"]
[Date "2022.05.15"]
[Round "9.20"]
[White "Lindberg, Bengt"]
[Black "Seo, Jung Min"]
[Result "1/2-1/2"]
[WhiteElo "2377"]
[BlackElo "2483"]
[Annotator "TA"]
[PlyCount "130"]
[EventDate "2022.05.13"]
[EventType "team-tourn"]
[EventCountry "SWE"]
[SourceTitle "playchess.com"]
[Source "ChessBase"]
[SourceQuality "1"]

{[%evp 18,130,14,18,22,9,5,6,6,0,0,-2,0,0,22,0,2,0,4,-5,-6,-3,0,0,0,0,0,0,0,0,0,0,0,0,0,0,0,0,0,0,0,0,0,0,0,0,0,0,0,0,0,0,0,-4,0,-18,-18,-18,-18,-18,-18,-18,-18,-18,-18,-18,-18,-18,-18,-18,-18,-18,0,-18,-18,-18,-18,-18,-18,-18,-18,-18,-18,-18,-18,-18,-2,-18,-3,-4,0,-18,-18,-18,-18,-18,-18,-18,-18,-18,-18,-18,0,-18,-18,-18,-18,-18,-18,-18,0,-18,0,-18,0]} 1. e4 {[%emt 0:00:02]} e5 {[%emt 0:00:02]} 2. Nf3 {[%emt 0:00:14]} Nc6 {[%emt 0:00:02]} 3. Bb5 {[%emt 0:00:10]} Nf6 {[%emt 0:00:02]} 4. O-O {[%emt 0:00:55][%cal Bh1f1,Bf1e1,Be1e5][%mdl 32]} Nxe4 {[%emt 0:00:05]} 5. Re1 {[%emt 0:00:13]} Nd6 {[%emt 0:00:03]} 6. Nxe5 {[%emt 0:00:18]} Be7 {[%emt 0:00:04]} 7. Bf1 {[%emt 0:00:41]} Nxe5 {[%emt 0:01:07]} 8. Rxe5 {[%emt 0:00:02]} O-O {[%emt 0:00:06]} 9. d4 {[%emt 0:01:23]} Bf6 {[%emt 0:01:08]} 10. Re1 {[%emt 0:00:21] The position is equal.} Re8 {[%emt 0:00:28] C67: Ruy Lopez: Berlin Defence: 4 0-0 Nxe4.} 11. Rxe8+ {[%emt 0:04:15]} Nxe8 {[%emt 0:00:26]} 12. Bf4 {[%emt 0:01:57]} d5 {[%emt 0:00:14]} 13. Nc3 {[%emt 0:01:38]} c6 {[%emt 0:01:19] [#]} 14. Ne2 $146 {[%emt 0:06:27]} ({Predecessor:} 14. Be5 g6 15. Qd2 Ng7 16. Re1 a5 17. Na4 Bxe5 18. dxe5 Ne6 19. c4 b6 20. cxd5 cxd5 {½-½ (43) Rubes,J (2303)-Londyn,R (2421) Czech Republic 2017}) 14... Nd6 {[%emt 0:15:05]} 15. c3 {[%emt 0:04:15]} Nf5 {[%emt 0:01:44]} 16. Ng3 {[%emt 0:01:27]} Nxg3 {[%emt 0:00:05]} 17. Bxg3 {[%emt 0:02:24]} Bf5 {[%emt 0:00:15]} 18. Bd3 {[%emt 0:00:20]} Bxd3 {[%emt 0:01:00]} 19. Qxd3 {[%emt 0:00:02]} Qe7 {[%emt 0:00:12]} 20. f3 {[%emt 0:01:30]} Re8 {[%emt 0:00:37]} 21. Re1 {[%emt 0:05:35]} Qd7 {[%emt 0:00:25]} 22. Rxe8+ {[%emt 0:01:14]} Qxe8 $11 {[%emt 0:00:04][%mdl 4096] Endgame KQB-KQB} 23. Kf1 {[%emt 0:01:00]} g6 {[%emt 0:00:06]} 24. Bf4 {[%emt 0:02:46]} Qe6 {[%emt 0:01:06]} 25. Qe2 {[%emt 0:07:34]} Qxe2+ {[%emt 0:00:08]} 26. Kxe2 {[%emt 0:00:02] KB-KB} Kf8 {[%emt 0:00:05]} 27. Kd3 {[%emt 0:00:55]} Ke8 {[%emt 0:00:04]} 28. b3 {[%emt 0:01:06]} Kd7 {[%emt 0:00:04]} 29. h3 {[%emt 0:07:34]} a6 30. Bd2 Be7 31. Bf4 {[%emt 0:00:06]} Bf6 32. Bd2 Be7 33. Bf4 Ke6 34. Bd2 {[%emt 0:00:11]} Bd6 {[%emt 0:00:09]} 35. Ke2 {[%emt 0:05:07]} Bc7 {[%emt 0:00:04]} 36. f4 {[%emt 0:02:23]} f5 {[%emt 0:00:11]} 37. Kf3 {[%emt 0:02:50]} Bd8 {[%emt 0:00:05]} 38. g3 Bf6 {[%emt 0:01:07]} 39. Be1 Be7 {[%emt 0:02:56]} 40. Bd2 Bd8 {[%emt 0:00:30]} 41. Be1 Bc7 {[%emt 0:00:22]} 42. Bd2 Bb6 {[%emt 0:00:10]} 43. Be3 Ba5 {[%emt 0:00:55]} 44. Bd2 Bd8 {[%emt 0:00:31]} 45. Be1 Bf6 {[%emt 0:00:14]} 46. Bd2 Bh8 {[%emt 0:00:13]} 47. Be1 Bg7 {[%emt 0:00:23]} 48. Bd2 Bh6 {[%emt 0:00:10]} 49. Be3 Bf8 {[%emt 0:00:50]} 50. Bd2 Bd6 {[%emt 0:00:22]} 51. Be3 Bb8 {[%emt 0:00:39]} 52. Bd2 Ba7 {[%emt 0:00:15]} 53. Be3 Bb6 {[%emt 0:00:18]} 54. Bf2 Kf7 {[%emt 0:01:07]} 55. Be3 Bd8 {[%emt 0:00:19]} 56. Bd2 Bf6 {[%emt 0:00:16]} 57. Be1 Be7 {[%emt 0:00:26]} 58. Bf2 Bf8 {[%emt 0:00:30]} 59. Be3 Be7 {[%emt 0:00:27]} 60. Bd2 Bd8 {[%emt 0:00:20]} 61. Be1 Bf6 62. Bd2 Bg7 63. Be1 Bf6 {[%emt 0:01:39]} 64. Bd2 Bg7 {[%emt 0:01:40]} 65. Be1 Bf6 {[%emt 0:04:20] Not much happened in this game.  Weighted Error Value: White=0.03 (flawless) /Black=0.03 (flawless)} 1/2-1/2